| 000 | 00604nam a22002057a 4500 | ||
|---|---|---|---|
| 003 | OSt | ||
| 005 | 20140310182212.0 | ||
| 008 | 130906t xxu||||| |||| 00| 0 eng d | ||
| 020 | _a0943409055 | ||
| 050 |
_aGV 939 _b.El52 1988 |
||
| 082 |
_aHS 796.332 _bOf2 1988 |
||
| 100 |
_aElway, John. _916801 |
||
| 245 |
_aOffense : super stars / _cJohn Elway. |
||
| 260 |
_aS.I. : _bs.n., _cc1988. |
||
| 300 |
_bcol. ill. ; _c20 cm. |
||
| 650 |
_aFootball players _xUnited States _xBiography. _916802 |
||
| 650 |
_aFootball players _xUnited States _xStatistics. _916803 |
||
| 942 |
_2lcc _cHS |
||
| 999 |
_c10487 _d10487 |
||